| 000 | 01649cam a22001934a 4500 | ||
|---|---|---|---|
| 005 | 20250605163926.0 | ||
| 008 | 250528s ||||||||||||||||||||||||d | ||
| 035 | _a14534 | ||
| 020 | _a9607235030 | ||
| 040 |
_aGR-AtMCL _bgre _dGR-AtMCL _eAACR2 |
||
| 245 | 1 | _aΥλοποίηση και Μανατζμεντ Συστημάτων / Πληροφοριακά Συστήματα | |
| 260 |
_bΝέων Τεχνολογιών, _c1992 |
||
| 300 | _a320 | ||
| 520 | _aΤο βιβλίο αυτό είναι το κλασσικό σύγγραμμα υλοποίησης (implementation) και διαχείρισης/ διοίκησης (management) πληροφοριακών συστημάτων και εφαρμογών. Πρόλογος, Υλοποίηση Συστημάτων, Τεχνολογία Λογισμικού: Μια Ωριμότερη Ματιά, Κατασκευή Προγραμμάτων, Δομημένα Εργαλεία και Τεχνικές, Έλεγχος Ποιότητας Λογισμικού, Εγκατάσταση Συστήματος, Το Μάνατζμεντ της Πληροφορικής, Πληροφορική Οργάνωση και Διοίκηση, Διαχείριση Έργων Πληροφορικής, Τεχνικές Επικοινωνίας στην Πληροφορική, Τεκμηρίωση Πληροφοριακών Συστημάτων, Τεχνολογία Γνώσεων και Συστήματα Εμπειρογνωμοσύνης, Βιβλιογραφία, Ευρετήριο. | ||
| 700 | 1 |
_aΛαοπόδης Βασίλης Γ _9238 |
|
| 942 | _cBK | ||
| 999 |
_c159 _d159 |
||